000 00495nam a2200169Ia 4500
005 20250508162756.0
008 008 250505s9999 xx 000 0 eng d
037 _aTextual
040 _aFEDL
_beng
_cFEDL
041 _aeng
_2eng
084 _a500, JEN
_qFEDL
100 _aJennings Terry
245 0 _aYoung scienctist investigates: Living things structures, forces and energy change. Course book 1
300 _a96p.
942 _cTEXL
_h500, JEN
999 _c1378638
_d1378638